Postacie historyczne #1 - Statystyki

Ogólne statystyki
  • Ten quiz został rozwiązany 103 razy
  • Średni wynik to 5 z 20
Statystyki odpowiedzi
Hint Odpowiedź % Poprawnych
Cesarz Japonii panujący w okresie II wojny światowej Hirohito
66%
Stworzył rzeźbę "Dawid" Michał Anioł
58%
szef Oberkommando der Luftwaffe Hermann Göring
44%
Papież, który zapoczątkował wyprawy krzyżowe Urban II
40%
Ostatni dyktator Europy Aleksander Łukaszenka
35%
Dowodził drugą perską inwazją na Grecję Kserkses I
32%
Cesarz rzymski, filozof, stoik Marek Aureliusz
26%
Napisał "Sztukę Wojny" Sun Zi
26%
Podbił imperium Inków Francisco Pizarro
23%
Doprowadził do zjednoczenia plemion zuluskich Czaka Zulu
20%
Zdobywca Konstantynopola Mehmed II
20%
Za jego czasów w Babilonii powstała m.in. brama Isztar czy świątynia Marduka Nabuchodonozor II
20%
Mistrz zakonu templariuszy, spalony na stosie Jacques de Molay
18%
Ostatni cesarz Brazylii Piotr II
18%
Wynalazcy balonu na ogrzane powietrze Bracia Montgolfier
16%
Angielski korsarz, wiceadmirał floty, która zniszczyła Wielką Armadę Francis Drake
16%
żona cesarza bizantyńskiego Justyniana I Wielkiego Teodora
16%
Pierwszy cesarz Chin Qin Shi Huang
8%
Symbol religijny ruchu Rastafari Hajle Syllasje
2%
Indyjski książę, filozof Siddhartha Gautama
2%
Nie znaleziono quizów pasujących do podanych kryteriów
Rozkład punktacji
Procent ludzi z każdym wynikiem
Percentyl według liczby udzielonych odpowiedzi
Twoja historia wyników
Nie rozwiązałeś tego quizu